000 00367nam a2200157Ia 4500
008 230917s9999||||xx |||||||||||||| ||und||
020 _cGBP6.95
040 _e58129
_aMAIN
041 _aEnglish
082 _a823.7 E44P:P
100 _aPurkis, John
245 2 _aA preface to George Eliot
260 _aLondon
_bLongman
_c1985
300 _ax, 197 p.
942 _cBK
999 _c49113
_d49113